000 00260nam a2200109Ia 4500
008 190216s9999||||xx |||||||||||||| ||und||
100 _aPerumbazha Gopalakrishnan
245 0 _aEdison
260 _bMohan Publication
650 _aAthmakadha
942 _cBK
999 _c25185
_d25185